Stredisko kryogénnej techniky pri elektrotechnickom ústave CEFV SAV, Bratislava

Bibliographic Details
Main Author: Jäger, J. (Author)
Format: Article
Language:Slovak
PhysicalDescription:Obr. 1. Grafy 2.
Subjects:

MARC

LEADER 00000nab a2200000 a 4500
001 vtls000220345
003 SK-MaSNL
005 20260303220851.0
008 111202c1984 xo 0 slo
015 |a SNBRA19rr/mm-uuuuu 
035 |a CL0230459 
040 |a SNKBUCL  |b slo  |c SNKBUCL  |e AACR2 
041 0 |a slo 
044 |a xo  |c SK 
080 |a 621.59:661.939-404:061.12(437.6)SAV  |2 1981 
080 |a 661.939-404  |2 1981 
080 |a 061.12(437.6)SAV  |2 1981 
080 |a 621.3  |2 1981 
100 1 |a Jäger, J.  |4 aut  |9 1254464 
245 1 0 |a Stredisko kryogénnej techniky pri elektrotechnickom ústave CEFV SAV, Bratislava  |c J. Jäger 
300 |b Obr. 1. Grafy 2. 
610 2 7 |a Slovenská akadémia vied.  |b Elektrotechnický ústav  |2 snkbucl  |9 32138 
651 7 |a 5100  |2 snkbucl  |9 166206 
655 7 |a články zo zborníkov  |2 snkbucl  |9 166140 
773 0 |t Kryogenika 84. O technike nízkych teplôt. 2. diel  |d Bratislava : Dom techniky ČSVTS, 1984  |g S. 18-21 
850 |a Slovenská národná knižnica v Martine  |a MTA001 
852 |a SNK  |b KIS3GCP 
958 |a RK 
992 |a RZB 
999 |c 2229306  |d 2231236